|
|
|
|
| LEADER |
00690nam a22001811a 4500 |
| 020 |
|
|
|a 9788170303053
|
| 082 |
|
|
|a 294.521 1
|b MAC/T
|
| 100 |
|
|
|a Mackenzie Brown C
|9 161238
|
| 245 |
|
|
|a The triumph of the Goddess :
|b the canonical models and theological visions of the Devi-Bhagavata purana/
|c by Mackenzie Brown C
|
| 260 |
|
|
|a Delhi:
|b Sri Satguru,
|c 1992.
|
| 300 |
|
|
|a 327p.
|
| 650 |
|
|
|a Worship Goddess
|9 161239
|
| 650 |
|
|
|a Goddess Hinduism
|9 161240
|
| 650 |
|
|
|a Hinduism
|9 161241
|
| 650 |
|
|
|a Religion
|9 161242
|
| 942 |
|
|
|c BK
|
| 999 |
|
|
|c 47668
|d 47668
|
| 952 |
|
|
|0 0
|1 0
|4 0
|6 294_521000000000000_1_MAC_T
|7 0
|9 69067
|a SSUS
|b SSUS
|d 2015-01-08
|g 400.00
|o 294.521 1 MAC/T
|p 035019
|r 2015-01-08
|v 0.00
|w 2015-01-08
|y BK
|